Buon viaggio bastardo /

में बचाया:
ग्रंथसूची विवरण
मुख्य लेखक: Kellerman, Jonathan (लेखक)
अन्य लेखक: Dobner, Tullio
स्वरूप: पुस्तक
भाषा:इतालवी
प्रकाशित: Milano : Sperling & Kupfer, \2002!
श्रृंखला:Narrativa
टैग: टैग जोड़ें
कोई टैग नहीं, इस रिकॉर्ड को टैग करने वाले पहले व्यक्ति बनें!

MARC

LEADER 00000nam a2200000 i 4500
001 IT\ICCU\RAV\0816056
003 ItRI
005 20250828214202.0
008 020211s2002 it |||||| ||||| |||||c
015 |2 IT  |a 2003-3588 
020 |a 8820032732 
040 |b ita  |c ct 
041 7 |a ita  |2 ISO-639-2 
082 |a 813.54  |2 21 
100 1 |a Kellerman, Jonathan  |0 IT\ICCU\CFIV\086050  |4 aut 
240 1 0 |a Dr. Death  |9 Kellerman, Jonathan 
245 1 0 |a Buon viaggio bastardo /  |c Jonathan Kellerman ; traduzione di Tullio Dobner. 
260 |a Milano :  |b Sperling & Kupfer,  |c \2002! 
300 |a 439 p. ;  |c 22 cm. 
700 1 |a Dobner, Tullio  |0 IT\ICCU\CFIV\017568 
830 0 |a Narrativa  |0 IT\ICCU\LO1\0344422 
942 |2 ddc  |c BK 
952 |0 0  |1 0  |2 ddc  |4 0  |6 B_LNR02KELJOBUO11  |7 0  |9 5366  |a MI  |b MI  |d 2005-08-27  |i 4699  |l 0  |o B-LNR02-KELJO-BUO11  |p CDOM4699  |r 2025-07-13 16:27:00  |w 2025-07-13  |x ACQUISTO  |y BK 
981 1 |6 z01  |a i   |b xxxe  
982 1 |6 z01  |a n 
999 |c 4281  |d 4281